Villes de la petite couronne de Paris - Mort Subite - Statistiques

Statistiques générales
  • Ce quiz a été pris 23 429 fois
  • Le résultat moyen est 6 sur 23
Answers on the Grid
Answers color-coded by a green-red scale on the quiz's grid according to % correct below.
Antony
Argenteuil
Aubervilliers
Aulnay-sous-Bois
Bondy
Cergy
Châtillon
Chatou
Chaville
Clamart
Colombes
Courbevoie
Étampes
Évry-Courcouronnes
Fresnes
Gennevilliers
Issy-les-Moulineaux
Ivry-sur-Seine
Mantes-la-Jolie
Massy
Melun
Montmorency
Montreuil
Nanterre
Noisy-le-Grand
Orly
Paris
Poissy
Rungis
Saint-Denis
Saint-Germain-en-Laye
Saint-Maur-des-Fossés
Saint-Ouen
Sarcelles
Savigny-sur-Orge
Torcy
Trappes
Versailles
Vincennes
Yerres
 
Statistiques - réponses
Réponse % Correct
Antony
67%
Aubervilliers
45%
Bondy
36%
Aulnay-sous-Bois
35%
Saint-Denis
30%
Clamart
28%
Paris
28%
Colombes
27%
Courbevoie
27%
Nanterre
27%
Issy-les-Moulineaux
26%
Montreuil
26%
Ivry-sur-Seine
25%
Vincennes
25%
Châtillon
23%
Saint-Ouen
23%
Gennevilliers
21%
Noisy-le-Grand
17%
Orly
17%
Saint-Maur-des-Fossés
16%
Rungis
13%
Chaville
12%
Fresnes
12%
Aucun quiz correspondant
Distribution des résultats
% des personnes avec chaque résultat
Percentile par nombre de réponses
Votre historique - résultats
Vous n’avez pas pris ce quiz